V osvetlení predajne je trendom variabilita a efektívnosť
Svetlo je to, čo predáva, a preto je vždy vhodný čas na výmenu starého osvetlenia. Veľká výhoda je v jednotnom vzhľade priestoru s vystaveným tovarom. Investícia sa vráti. Pri vhodnej výmene osvetlenia predajne sú spokojní nielen zákazníci, ale aj zamestnanci, ktorí pri tom pracujú.
Gespeichert in:
| 1. Verfasser: | |
|---|---|
| Format: | Buchkapitel |
| Sprache: | Slowakisch |
| Schlagworte: | |
| Tags: |
Keine Tags, Fügen Sie das erste Tag hinzu!
|
MARC
| LEADER | 00000naa a2200000 4500 | ||
|---|---|---|---|
| 001 | 0238208 | ||
| 005 | 20200305102044.3 | ||
| 041 | 0 | |a slo | |
| 044 | |a CZ | ||
| 245 | 1 | 0 | |a V osvetlení predajne je trendom variabilita a efektívnosť |c Kristína Raševová |
| 520 | |a Svetlo je to, čo predáva, a preto je vždy vhodný čas na výmenu starého osvetlenia. Veľká výhoda je v jednotnom vzhľade priestoru s vystaveným tovarom. Investícia sa vráti. Pri vhodnej výmene osvetlenia predajne sú spokojní nielen zákazníci, ale aj zamestnanci, ktorí pri tom pracujú. | ||
| 610 | 2 | 0 | |a svetlo |
| 610 | 2 | 0 | |a predajne |
| 610 | 2 | 0 | |a vybavenosť pracoviska |
| 610 | 2 | 0 | |a spokojnosť zákazníkov |
| 100 | 1 | |a Raševová, Kristína | |